Eliminate One Country - Sudden Death - Statistics

General Stats
  • This quiz has been taken 230 times
  • The average score is 8 of 10
Answers on the Grid
Answers color-coded by a green-red scale on the quiz's grid according to % correct below.
Barbados
Guyana
Guatemala
Slovakia
Estonia
Armenia
Lesotho
Eritrea
Nepal
Ecuador
Brunei
Lebanon
Suriname
Guinea-Bissau
Chile
Myanmar
Palau
Tajikistan
Laos
Hungary
Andorra
Samoa
Tuvalu
Costa Rica
Sweden
Gambia
Moldova
Sri Lanka
Cape Verde
Djibouti
 
Answer Stats
Answer % Correct
Guyana
94%
Armenia
87%
Nepal
83%
Ecuador
80%
Guinea-Bissau
75%
Palau
73%
Costa Rica
72%
Gambia
72%
Laos
72%
Sri Lanka
69%
No matching quizzes found
Score Distribution
Percent of People with Each Score
Percentile by Number Answered
Your Score History
You have not taken this quiz